Ecology of estuaries: anthropogenic effects
Đã lưu trong:
| Hovedforfatter: | |
|---|---|
| Format: | Bog |
| Sprog: | Undetermined |
| Udgivet: |
Florida
CRC
1992
|
| Fag: | |
| Tags: |
Tilføj Tag
Ingen Tags, Vær først til at tagge denne postø!
|
| Thư viện lưu trữ: | Trung tâm Học liệu Trường Đại học Cần Thơ |
|---|
| LEADER | 00566nam a2200193Ia 4500 | ||
|---|---|---|---|
| 001 | CTU_15285 | ||
| 008 | 210402s9999 xx 000 0 und d | ||
| 020 | |b MHO5 | ||
| 082 | |a 574.526365 | ||
| 082 | |b K36 | ||
| 100 | |a Michael J Kennish | ||
| 245 | 0 | |a Ecology of estuaries: anthropogenic effects | |
| 245 | 0 | |c Michael J Kennish | |
| 260 | |a Florida | ||
| 260 | |b CRC | ||
| 260 | |c 1992 | ||
| 650 | |a estuarine ecology,estuarine pollution - environmental | ||
| 904 | |i Nguyễn Quang Điền, 961224 | ||
| 980 | |a Trung tâm Học liệu Trường Đại học Cần Thơ | ||